Sabana Centro (Registro nro. 310015)

Detalles MARC
000 -ENCABEZADO
Número de control [NR] 01105 a2200241 4500
005 - FECHA Y HORA DE LA ÚLTIMA TRANSACCIÓN
control field 20180613090404.0
008 - DE LONGITUD FIJA DE DATOS DE ELEMENTOS - INFORMACIÓN GENERAL
Elementos de longitud fija [NR] 180613s2018 ck ||||| |||| 00| 0 spa d
020 ## - NUMERO INTERNACIONAL NORMALIZADO PARA LIBROS [R]
Número Internacional Normalizado del libro [NR] 9789587632774
040 ## - FUENTE DE CATALOGACION [NR]
Agencia de catalogación original [NR] CO-BoUCM
Idioma de catalogación [NR] spa
Quien Cataloga Saul Niño
Quien Clasifica Saul Niño
041 0# - CODIGO DE IDIOMA [R]
Código de idioma para texto/pista de sonido o título separado [R] Español
245 00 - MENCION DE TITULO [NR]
Título [NR] Sabana Centro
Parte restante del título [NR] una mirada hacia dentro
Mención de responsabilidad, etc. [NR] Compiladores, Yeismy Amanda Castiblanco Venegas, Mónica Patricia Perassi
260 ## - PUBLICACION, DISTRIBUCION, ETC. (PIE DE IMPRENTA) [R]
Lugar de publicación, distribución, etc. [R] Bogotá (Colombia)
Nombre del editor, distribuidor, etc. [R] Corporación Universitaria Minuto de Dios (UNIMINUTO)
Fecha de publicación, distribución, etc. [R] 2018
300 ## - DESCRIPCION FISICA [R]
Extensión [R] 160 páginas
Otros detalles físicos [NR] ilustraciones
650 #7 - ASIENTO SECUNDARIO DE MATERIA - TERMINO TEMATICO [R]
9 (RLIN) 7901
Término temático o nombre geográfico como elemento de entrada [NR] Patrimonio cultural
Subdivisión general [R] Historia
651 ## - ASIENTO SECUNDARIO DE MATERIA - NOMBRE GEOGRAFICO [R]
Nombre geográfico [NR] Zipaquirá, Cundinamarca (Colombia)
Subdivisión general [R] Investigaciones
9 (RLIN) 92867
651 ## - ASIENTO SECUNDARIO DE MATERIA - NOMBRE GEOGRAFICO [R]
Nombre geográfico [NR] Zipaquirá, Cundinamarca (Colombia)
Subdivisión general [R] Memoria histórica
9 (RLIN) 92868
651 ## - ASIENTO SECUNDARIO DE MATERIA - NOMBRE GEOGRAFICO [R]
Nombre geográfico [NR] Zipaquirá, Cundinamarca (Colombia)
Subdivisión general [R] Vida social y costumbres
9 (RLIN) 92869
651 ## - ASIENTO SECUNDARIO DE MATERIA - NOMBRE GEOGRAFICO [R]
Nombre geográfico [NR] Provincia de Sabana Centro
Subdivisión general [R] Vida social y costumbres
9 (RLIN) 92870
700 1# - ASIENTO SECUNDARIO - NOMBRE PERSONAL [R]
Nombre personal [NR] Castiblanco Venegas, Yeismy Amanda
Término de relación [R] compilador
9 (RLIN) 92871
700 1# - ASIENTO SECUNDARIO - NOMBRE PERSONAL [R]
Nombre personal [NR] Perassi, Mónica Patricia
Término de relación [R] compilador
9 (RLIN) 92872
942 ## - ELEMENTOS DE ENTRADA AGREGADOS (KOHA)
Tipo de ítem principal el descrito en 300a Libro
Sistema de clasificación DEWEY
Tema principal Historia
Edición 1
Clasificación 986.146
Parte restante de la signatura top. S113c
Existencias
Total préstamos Signatura topográfica Código de barras Última vez visto Ejemplar Costo de reposición Price effective from Tipo de ítem Perdido Sistema de clasificación Dañado No prestable Tipo de ítem específico Suprimido Ubicación habitual Ubicación actual Localización Fecha de creación Proveedor Forma de adquisición Costo
  986.146 S113c 100157567 09/12/2025 Ej.1 26000.00 06/06/2018 Libro   DEWEY     Libro   Claustro Claustro 2do piso 06/06/2018 12 Donación 0.00